00626nam a2200241Ia 4500008004100000020002100041100001500062245003200077245001600109260001500125260002000140260000900160300001700169300001100186500006700197650002000264650002000284650001800304650002200322650001900344650001300363700000800376160803s9999 xx 000 0 und d a 978-0545035170 aR.L, Stine aNight of the living dummy / cR.L. Stine. aNew York : bScholastic Inc. c1993 a132 pages ;  c20 cm. aReprint. Originally published: 1993. With additional material. aHorror fiction. aHorror stories. aHorror tales. aVentriloquism --  aVentriloquism. xFiction. a590